000 00411pab a2200169 454500
008 180718b2011 xxu||||| |||| 00| 0 eng d
100 _aSarkar, Tamal
245 _aHandlooms-Handicrafts: Artisanal clusters: Towards a brighter future
260 _c2011
300 _ap.8-11.
362 _aMay
650 _aTextile industry
650 _aHandicrafts
773 _aYojana
908 _aN
909 _a91336
999 _c91336
_d91336